Historia de Felipe II, rey de España / (Registro nro. 164526)

Detalles MARC
000 -LEADER
campo de control de longitud fija 01052nam a2200265 i 4500
001 - NÚMERO DE CONTROL
campo de control 164526
003 - IDENTIFICADOR DE NÚMERO DE CONTROL
campo de control ES-MaACL
005 - FECHA Y HORA DE LA ÚLTIMA TRANSACCIÓN
campo de control 20250821111659.0
008 - DATOS DE LONGITUD FIJA--INFORMACIÓN GENERAL
campo de control de longitud fija 940615m18441847sp |||| | spa d
100 1# - ENTRADA PRINCIPAL--NOMBRE DE PERSONA
Nombre de persona San Miguel, Evaristo,
Fechas asociadas al nombre 1785-1862
9 (RLIN) 132380
245 10 - MENCIÓN DEL TÍTULO
Título Historia de Felipe II, rey de España /
Mención de responsabilidad, etc. por Evaristo San Miguel.
260 ## - PUBLICACIÓN, DISTRIBUCIÓN, ETC.
Lugar de publicación, distribución, etc. Madrid :
Nombre del editor, distribuidor, etc. Imprenta y Librería de D. Ignacio Boix, Editor ...,
Fecha de publicación, distribución, etc. 1844-1847.
300 ## - DESCRIPCIÓN FÍSICA
Extensión 4 v. :
Otras características físicas retratos ;
Dimensiones 22 cm.
500 ## - NOTA GENERAL
Nota general Índice en v. 4.
530 ## - NOTA DISPONIBLE DE FORMULARIO FÍSICO ADICIONAL
Nota de formato físico adicional disponible Disponible en formato digital.
596 ## - NOTA AL PIE DE IMPRENTA
NOTA AL PIE DE IMPRENTA Marca tip. en port. de v. 1.
597 ## - NOTA DE DESCRIPCIÓN FÍSICA
NOTA DE DESCRIPCIÓN FÍSICA Antep.
597 ## - NOTA DE DESCRIPCIÓN FÍSICA
NOTA DE DESCRIPCIÓN FÍSICA T.I (X, 366 p.) - T.II (394, [6] p.) - T.III (390 p.) - T.IV (398 p.)
599 ## - NOTA A LAS ILUSTRACIONES
NOTA A LAS ILUSTRACIONES Retrato dibujado por Eugenio Zarza.
600 04 - PUNTO DE ACCESO ADICIONAL DE MATERIA--NOMBRE DE PERSONA
Nombre de persona Felipe
Numeración II,
Títulos y otros términos asociados al nombre Rey de España
9 (RLIN) 49175
651 #4 - PUNTO DE ACCESO ADICIONAL DE MATERIA--NOMBRE GEOGRÁFICO
Nombre geográfico España-
Subdivisión general Historia-
Subdivisión cronológica 1556-1598, Felipe II.
9 (RLIN) 8218
852 ## - LOCALIZACIÓN
Ubicación ES-MaACL
Número de control de estantería C-383-86
Nota libre - Enc. hol.
856 ## - LOCALIZACIÓN Y ACCESO ELECTRÓNICOS
Identificador Uniforme de Recursos <a href="http://bdh-rd.bne.es/viewer.vm?id=0000129689&page=1 ">http://bdh-rd.bne.es/viewer.vm?id=0000129689&page=1 </a>
Nota pública Biblioteca Digital Hispánica
Existencias
Estatus retirado Estado de pérdida Estado de daño No para préstamo Colección Biblioteca de origen Biblioteca actual Ubicación en estantería Fecha de adquisición Total de préstamos Signatura topográfica completa Código de barras Visto por última vez Precio de reemplazo Tipo de ítem Koha
        Colección digital Biblioteca del Ateneo de Madrid Biblioteca del Ateneo de Madrid Depósito 2 17/01/2008   C-383-86 1172461 23/02/2023 23/02/2023 Libro impreso antiguo